Fundamentals of big data : (Record no. 305143)
[ view plain ]
| 000 -LEADER | |
|---|---|
| fixed length control field | 01341cam a2200325 i 4500 |
| 001 - CONTROL NUMBER | |
| control field | 18779897 |
| 003 - CONTROL NUMBER IDENTIFIER | |
| control field | SISC |
| 005 - DATE AND TIME OF LATEST TRANSACTION | |
| control field | 20160930111927.0 |
| 008 - FIXED-LENGTH DATA ELEMENTS--GENERAL INFORMATION | |
| fixed length control field | 150911t20162016enka b 001 0 eng c |
| 010 ## - LIBRARY OF CONGRESS CONTROL NUMBER | |
| LC control number | 2015034570 |
| 020 ## - INTERNATIONAL STANDARD BOOK NUMBER | |
| International Standard Book Number | 9781119015581 (cloth) |
| 040 ## - CATALOGING SOURCE | |
| Original cataloging agency | WaSeSS/DLC |
| Language of cataloging | eng |
| Transcribing agency | WaSeSS |
| Description conventions | rda |
| Modifying agency | DLC |
| 042 ## - AUTHENTICATION CODE | |
| Authentication code | pcc |
| 050 00 - LIBRARY OF CONGRESS CALL NUMBER | |
| Classification number | QA 76.9.D343 |
| Item number | .L445 2016 |
| 082 00 - DEWEY DECIMAL CLASSIFICATION NUMBER | |
| Classification number | 006.3/12 |
| 100 1# - MAIN ENTRY--PERSONAL NAME | |
| Personal name | Lee, Hyunjoung, |
| Relator term | author. |
| 245 10 - TITLE STATEMENT | |
| Title | Fundamentals of big data : |
| Remainder of title | network analysis for research and industry / |
| Statement of responsibility, etc | Hyunjoung Lee, Institute of Green Technology, Yonsei University, Republic of Korea, Il Sohn, Material Science and Engineering, Yonsei University, Republic of Korea. |
| 250 ## - EDITION STATEMENT | |
| Edition statement | 1st edition. |
| 260 ## - PUBLICATION, DISTRIBUTION, ETC. (IMPRINT) | |
| Place of publication, distribution, etc | UK : |
| Name of publisher, distributor, etc | John Wiley & Sons, Ltd, |
| Date of publication, distribution, etc | 2016. |
| 300 ## - PHYSICAL DESCRIPTION | |
| Extent | xviii, 196 pages : |
| Other physical details | illustrations ; |
| Dimensions | 24 cm. |
| 500 ## - GENERAL NOTE | |
| General note | Includes bibliographical references and index. |
| 650 #0 - SUBJECT ADDED ENTRY--TOPICAL TERM | |
| Topical term or geographic name as entry element | Data mining. |
| 650 #0 - SUBJECT ADDED ENTRY--TOPICAL TERM | |
| Topical term or geographic name as entry element | Big data. |
| 650 #0 - SUBJECT ADDED ENTRY--TOPICAL TERM | |
| Topical term or geographic name as entry element | Decision making |
| General subdivision | Data processing. |
| 700 1# - ADDED ENTRY--PERSONAL NAME | |
| Personal name | Sohn, Il, |
| Relator term | author. |
| 776 08 - ADDITIONAL PHYSICAL FORM ENTRY | |
| Display text | Online version: |
| Main entry heading | Lee, Hyunjoung, author. |
| Title | Fundamentals of big data |
| Place, publisher, and date of publication | Chichester, UK ; Hoboken, NJ : John Wiley & Sons, 2015 |
| International Standard Book Number | 9781119015574 |
| Record control number | (DLC) 2015036339 |
| 906 ## - LOCAL DATA ELEMENT F, LDF (RLIN) | |
| a | 7 |
| b | cbc |
| c | orignew |
| d | 1 |
| e | ecip |
| f | 20 |
| g | y-gencatlg |
| 942 ## - ADDED ENTRY ELEMENTS (KOHA) | |
| Source of classification or shelving scheme | Library of Congress Classification |
| Koha item type | Books |
| Withdrawn status | Lost status | Source of classification or shelving scheme | Damaged status | Home library | Current library | Shelving location | Date acquired | Source of acquisition | Sub Shelving location | Total Checkouts | Full call number | Barcode | Date last seen | Price effective from | Koha item type |
|---|---|---|---|---|---|---|---|---|---|---|---|---|---|---|---|
| Library of Congress Classification | College Library | College Library | Graduate Section | 09/30/2016 | Library Fund | QA 76.9.D343 .L445 2016 | C20719 | 05/15/2018 | 09/30/2016 | Books |